00428nam a22001337a 4500003000800000005001700008008004100025040003900066082001500105245007900120260004000199300002000239500003500259BD-DhUL20170613132624.0170613b xxu||||| |||| 00| 0 eng d aBD-DhULbBD-DhULcBD-DhULdBD-DhUL a338.7bUNW aWorld Association of Industrial And Technological Research Organizations / aNew York ;bunited Nations ,c1971. a54 p. :c23 cm. ainclude index and bibliography